[Event "COL-ch U1700"]
[Site "Pereira"]
[Date "2019.03.24"]
[Round "6"]
[White "Hernandez Gonzalez, Jesus Adrian"]
[Black "Suarez Ardila, Luisa Maria"]
[Result "0-1"]
[WhiteElo "1659"]
[BlackElo "1581"]
[PlyCount "68"]
[EventDate "2019.03.21"]
[EventType "swiss"]
[EventRounds "9"]
[EventCountry "COL"]
[SourceTitle "CBM 189 Extra"]
[Source "ChessBase"]
[SourceDate "2019.06.03"]
[SourceVersion "1"]
[SourceVersionDate "2019.06.03"]
[SourceQuality "1"]

1. d4 Nf6 2. Bf4 g6 3. Nf3 Bg7 4. e3 0-0 5. h3 d6 6. Bd3 Nbd7 7. Nbd2 Re8 8. Bg5 e5 9. dxe5 Nxe5 10. Ne4 c6 11. Nxe5 Rxe5 12. 0-0 d5 13. f4 Re8 14. Nxf6+ Bxf6 15. Bxf6 Qxf6 16. Qf3 Bf5 17. b3 Qe6 18. Rae1 Be4 19. Qf2 f5 20. Bxe4 Qxe4 21. g4 Re7 22. Re2 Rae8 23. c3 Qd3 24. Rfe1 Rf7 25. Rc2 Rfe7 26. Rce2 fxg4 27. hxg4 Qxc3 28. Rc2 Qf6 29. Qf3 Re4 30. Rh2 d4 31. Qh3 R8e7 32. f5 Qg5 33. f6 Rf7 34. Kh1 Rxe3 0-1

[Event "COL-ch U1700"]
[Site "Pereira"]
[Date "2019.03.23"]
[Round "4"]
[White "Rengifo Astudillo, Carlos Alberto"]
[Black "Hernandez Gonzalez, Jesus Adrian"]
[Result "0-1"]
[WhiteElo "1590"]
[BlackElo "1659"]
[PlyCount "34"]
[EventDate "2019.03.21"]
[EventType "swiss"]
[EventRounds "9"]
[EventCountry "COL"]
[SourceTitle "CBM 189 Extra"]
[Source "ChessBase"]
[SourceDate "2019.06.03"]
[SourceVersion "1"]
[SourceVersionDate "2019.06.03"]
[SourceQuality "1"]

1. e4 c5 2. Nf3 d6 3. d4 cxd4 4. Nxd4 Nf6 5. Nc3 a6 6. Bg5 e5 7. Nb3 Be6 8. Be2 Nbd7 9. 0-0 Be7 10. Kh1 d5 11. exd5 Nxd5 12. Bxe7 Nxe7 13. Ne4 0-0 14. Bf3 Qb6 15. Qd6 Nc6 16. Nec5 Nxc5 17. Qxc5 Qc7 0-1

[Event "COL-ch U1700"]
[Site "Pereira"]
[Date "2019.03.22"]
[Round "2"]
[White "Negron Lizarazo, Juan Sebastian"]
[Black "Hernandez Gonzalez, Jesus Adrian"]
[Result "0-1"]
[WhiteElo "1333"]
[BlackElo "1659"]
[PlyCount "64"]
[EventDate "2019.03.21"]
[EventType "swiss"]
[EventRounds "9"]
[EventCountry "COL"]
[SourceTitle "CBM 189 Extra"]
[Source "ChessBase"]
[SourceDate "2019.06.03"]
[SourceVersion "1"]
[SourceVersionDate "2019.06.03"]
[SourceQuality "1"]

1. e4 c5 2. Nf3 d6 3. d4 cxd4 4. Nxd4 Nf6 5. Nc3 a6 6. Bc4 e5 7. Nf3 Be7 8. Bb3 0-0 9. 0-0 Bg4 10. Bg5 Nc6 11. Qd3 Bxf3 12. Qxf3 Nd4 13. Qg3 b5 14. Bxf6 Bxf6 15. Qd3 b4 16. Ne2 Nxb3 17. cxb3 Qb6 18. Ng3 g6 19. Rfd1 Rfd8 20. Rd2 Ra7 21. Rad1 Rad7 22. Qd5 Bg5 23. Rc2 Rc7 24. Rxc7 Qxc7 25. Qc4 Qb7 26. h3 Rc8 27. Qd3 Rc6 28. Qd5 Qc7 29. Ne2 Rc2 30. Ng3 Qb6 31. Rf1 Rxb2 32. Kh1 Rxa2 0-1